000 00437nam a2200157Ia 4500
008 230711s9999||||xx |||||||||||||| ||und||
041 _aENG
082 _a624
_bBU-I
100 _aBureau of Indian Standard
245 0 _aIS : 1893 1984
_bCriteria for earthquake resistant design of structures
250 _a1st
260 _c1986
_aNew Delhi
_bBureau of Indian Standard
300 _a77
650 _aMechanical Engineering
942 _cBK
999 _c1510
_d1510